书目信息 |
| 题名: |
高性能晶体管直流稳压电源
|
|
| 作者: | 曾大鑫 著 | |
| 分册: | ||
| 出版信息: | 北京 水利电力出版社 1984 |
|
| 页数: | 169页 | |
| 开本: | 19cm | |
| 丛书名: | ||
| 单 册: | ||
| 中图分类: | TM86 , TM44 | |
| 科图分类: | ||
| 主题词: | 晶体管-稳压电源,直流式 , 稳压电源,直流式-晶体管 , 稳定器 | |
| 电子资源: | ||
| ISBN: | ||
| 000 | 00753nam0 2200277 45 | |
| 001 | 0184016823 | |
| 005 | 20040521144138.3 | |
| 010 | @dCNY0.60 | |
| 091 | @a15143.5453 | |
| 100 | @a19950207d1984 em y0chiy0121 ea | |
| 101 | 0 | @achi |
| 102 | @aCN@b110000 | |
| 105 | @ay z 000yy | |
| 106 | @ar | |
| 200 | 10 | @a高性能晶体管直流稳压电源@Agao xing neng jing ti guan zhi liu wen ya dian yuan@f曾大鑫著 |
| 210 | @a北京@c水利电力出版社@d1984 | |
| 215 | @a169页@d19cm | |
| 606 | @a晶体管-稳压电源,直流式 | |
| 606 | @a稳压电源,直流式-晶体管 | |
| 606 | 0 | @a稳定器 |
| 690 | @aTM86@v3 | |
| 690 | @aTM44 | |
| 701 | 0 | @a曾大鑫@Azeng da xin@4著 |
| 801 | 0 | @aCN@b上海图书馆@c20040521 |
| 801 | 2 | @aCN@bNLC@c20040521 |
| 905 | @f2@b117556-557@dTM44@e16 | |
| 高性能晶体管直流稳压电源/曾大鑫著.-北京:水利电力出版社,1984 |
| 169页;19cm |
| ISBN :CNY0.60 |
| ● |
| 相关链接 |
|
|
|
|
正题名:高性能晶体管直流稳压电源
索取号:TM44/16
 
预约/预借
| 序号 | 登录号 | 条形码 | 馆藏地/架位号 | 状态 | 备注 |
| 1 | 0117556 | 001344584 | 密集书库/ [索取号:TM44/16] | 在馆 | |
| 2 | 0117557 | 001344664 | 第三借阅区/ [索取号:TM44/16] | 在馆 | |
| 3 | 0117558 | 001344628 | 第二样本阅览室/ [索取号:TM44/16] | 在馆 |